00650nam a22002177a 4500003000500000005001700005008004100022010000900063011000900072035000900081040000900090111007800099245002200177260007500199300001000274500001100284650003500295700003200330700003000362700004000392CHAP20220817041016.0971013s1990 r 10010 d a4503 a5475 a4688 cCHAP00aCongreso Nacional de Fitogenética (n13d: 1990c: Cd. Juárez, Chih.) aInforme técnico aChapingo, Méx. :bUACH. Centro Regional Universitario Oriente,c1990 a12 h. a53-35214aGenética vegetalxCongresos.0 aDzib Aguilar, Luis Antonio.0 aEscamilla Prado, Esteban.0 aRobledo Martínez, José Domingo.